| 000 | 00909nam a22002177a 4500 | ||
|---|---|---|---|
| 999 |
_c6996 _d6996 |
||
| 003 | AR-CdUCM | ||
| 008 | 190319b ||||| |||| 00| 0 spa d | ||
| 040 |
_aMUNICIPALIDAD PROVINCIAL DEL CUSCO _cBIBLIOTECA MUNICIPAL DEL CUSCO |
||
| 082 |
_a621 / _bM69 |
||
| 100 |
_aMohr, Otto _919717 |
||
| 245 |
_aElectrotecnia General : _bLas tres modalidades del campo electrico / |
||
| 260 |
_aMexico : _bHispano Americana, _c1962. |
||
| 300 |
_a112 paginas ; _bilustraciones, diagramas, planos, figuras, _c17 cm. |
||
| 440 |
_aManuales Uteha _n6 _919718 |
||
| 505 | _aContenido: Nociones fundamentales de electricidad -- Electromagnetismo -- Unidades -- Medición de magnitud eléctricas y magnéticas -- Máquinas dínamoeléctricas ... | ||
| 650 |
_aIngeniería agronómica _919353 |
||
| 650 |
_aElectricidad en agricultura _919354 |
||
| 650 |
_aElectricidad agrícola _919355 |
||
| 942 |
_2ddc _cLIBROS |
||
| 945 | _apjha | ||